La métaphysique de l'être dans la philosophie de Maurice Blondel

Saved in:
Bibliografiske detaljer
Hovedforfatter: Ecole, Jean (Author)
Format: Bog
Sprog:fransk
Udgivet: Lovaina Nauwlaerts 1959
Serier:Philosophes Contemporains
Fag:
Tags: Tilføj Tag
Ingen Tags, Vær først til at tagge denne postø!

MARC

LEADER 00000nam a2200000 a 4500
001 UCZ5251
003 CL-VaPUC
008 951117e19590000BE |||||||||||||||||fre|d
082 0 4 |a 110  |b ECL  |2 21 
100 0 |a Ecole, Jean  |e author  |9 349214 
245 1 3 |a La métaphysique de l'être dans la philosophie de Maurice Blondel 
300 |a 228 p 
942 |c BK 
945 |d 19951117 00:00:00  |a cmena 
260 |a Lovaina  |b Nauwlaerts  |c 1959 
600 0 7 |a BLONDEL, MAURICE  |2 CL-VaPUC  |9 335836 
650 0 |a Metafísica  |9 265649 
650 7 |a SER  |2 CL-VaPUC  |9 320176 
650 0 |a Filosofía del espíritu  |9 320175 
650 0 |a Ontología   |9 256850 
583 |a last modification  |c 19951117 00:00:00  |k Rodrigo Vera 
490 0 |a Philosophes Contemporains 
999 |c 241571  |d 241569 
952 |0 0  |1 0  |4 0  |6 110_000000000000000_ECL_1959  |7 0  |8 P  |9 253925  |a BIBEDU  |b BIBEDU  |c BIBEDU_PB  |d 2019-11-19  |i 1573314  |o 110 ECL 1959  |p 1573314  |r 2024-01-25  |w 2019-11-19  |y BK  |k FIL